| 000 | 00346nam a2200133Ia 4500 | ||
|---|---|---|---|
| 008 | 240624s9999 xx 000 0 und d | ||
| 041 | _aeng | ||
| 082 | _a823 BEL | ||
| 100 | _aBELL ROB | ||
| 245 | _aLOVE WINS AT THE HEART OF LIFE S BIG QUE | ||
| 260 |
_c2011 _aNew Delhi _bHarperCollins |
||
| 300 | _axi, : 202 : p. : cm. ; 22 | ||
| 365 |
_cRS _b25 |
||
| 999 |
_c18605 _d18605 |
||